000 00594nam a2200169Ia 4500
003 GCL
008 140319s9999 xx 000 0 ara d
040 _aGCL /
_cGCL
082 0 4 _a665.03
_bا ق
100 1 _aاحمد جمال الدين الوراقى
245 1 0 _aقاموس وشرح مصطلحات الزيوت والدهون: إنجليزى - عربى Expanatory Dictionarg of oil and fat Terminology /
_cاحمد جمال الدين الوراقى
300 _a550
490 _aكتاب
_v0
650 0 4 _aالقواميس
650 0 4 _aالزيوت والدهون
942 _2ddc
_cBK
999 _c42554
_d42554